Հայկական ՍՍՀ-ում հարկերի ու ծածկերի բարձրացման մեթոդներով շենքերի շինարարության ատլաս = (Record no. 117608)
[ view plain ]
| 000 -LEADER | |
|---|---|
| fixed length control field | 01443nam a2200253 u 4500 |
| 001 - CONTROL NUMBER | |
| control field | 000316941 |
| 003 - CONTROL NUMBER IDENTIFIER | |
| control field | AM-YeHGA |
| 005 - DATE AND TIME OF LATEST TRANSACTION | |
| control field | 20250618072020.0 |
| 008 - FIXED-LENGTH DATA ELEMENTS--GENERAL INFORMATION | |
| fixed length control field | 040311s1970 ai r 000 0 arm d |
| 040 ## - CATALOGING SOURCE | |
| Original cataloging agency | AM-YeHGA |
| 041 0# - LANGUAGE CODE | |
| Language code of text/sound track or separate title | arm |
| 090 ## - LOCALLY ASSIGNED LC-TYPE CALL NUMBER (OCLC); LOCAL CALL NUMBER (RLIN) | |
| -- | 118956 |
| 100 1# - MAIN ENTRY--PERSONAL NAME | |
| Personal name | Շահնազարյան, Ս.Խ. |
| 245 10 - TITLE STATEMENT | |
| Title | Հայկական ՍՍՀ-ում հարկերի ու ծածկերի բարձրացման մեթոդներով շենքերի շինարարության ատլաս = |
| Remainder of title | Атлас строительства зданий методами подъема этажей и перекрытий в Армянской ССР : Map of construction of buildings in the Armenian SSR by story-lifting and lift-slab methods / |
| Statement of responsibility, etc. | Ս.Խ. Շահնազարյան, Ռ.Հ. Սահակյան, Ա.Հ. Սահակյան. |
| 246 35 - VARYING FORM OF TITLE | |
| Title proper/short title | Атлас строительства зданий методами подъема этажей и перекрытий в Армянской ССР |
| 246 35 - VARYING FORM OF TITLE | |
| Title proper/short title | Map of construction of buildings in the Armenian SSR by story-lifting and lift-slab methods |
| 260 ## - PUBLICATION, DISTRIBUTION, ETC. | |
| Place of publication, distribution, etc. | Երևան : |
| Name of publisher, distributor, etc. | ՀՍՍՀ ԳԱ հրատ., |
| Date of publication, distribution, etc. | 1970. |
| 300 ## - PHYSICAL DESCRIPTION | |
| Extent | 108 էջ |
| Other physical details | նկ. ; |
| Dimensions | 21 սմ. |
| 500 ## - GENERAL NOTE | |
| General note | Ցանկ և ցուցակ՝ էջ 105-108 |
| 546 ## - LANGUAGE NOTE | |
| Language note | Զուգահեռ տեքստը՝ ռուս. և անգլ. |
| 650 14 - SUBJECT ADDED ENTRY--TOPICAL TERM | |
| Topical term or geographic name entry element | Շինարարություն |
| 9 (RLIN) | 4575 |
| 700 1# - ADDED ENTRY--PERSONAL NAME | |
| Personal name | Սահակյան, Ռ.Հ. |
| 700 1# - ADDED ENTRY--PERSONAL NAME | |
| Personal name | Սահակյան, Ա.Հ. |
| Withdrawn status | Lost status | Damaged status | Not for loan | Collection | Home library | Current library | Date acquired | Total checkouts | Full call number | Barcode | Date last seen | Price effective from | Koha item type | Public note |
|---|---|---|---|---|---|---|---|---|---|---|---|---|---|---|
| General | Fundamental Scientific Library | Fundamental Scientific Library | 22/12/2016 | 69.05 | 220063691 | 22/12/2016 | 22/12/2016 | Գրքեր / Books | 30 Days Loan | |||||
| General | Fundamental Scientific Library | Fundamental Scientific Library | 22/12/2016 | 69.05 | 220063692 | 22/12/2016 | 22/12/2016 | Գրքեր / Books | 30 Days Loan |
ՀՀ Գիտությունների ազգային ակադեմիայի հիմնարար գիտական գրադարան = Fundamental Scientific Library of NAS RA
All site content, except where otherwise noted, is licensed under a